Analýza vplyvu zmluvných sankcií za nesplnenie záväzkov na výsledok hospodárenia v účtovníctve podnikateľských subjktov v SR

Analýza zmluvných pokút v obchodných vzťahoch. Účtovanie zmluvných pokút a ich vplyv na výsledok hospodárenia a na základ dane z príjmov.

Na minha lista:
Detalhes bibliográficos
Autor principal: Kastlerová, Sylvia
Formato: Capítulo de Livro
Idioma:eslovaco
Assuntos:
Tags: Adicionar Tag
Sem tags, seja o primeiro a adicionar uma tag!

MARC

LEADER 00000naa$a2200000$$$4500
001 0198396
005 20240502073343.0
041 0 |a slo 
044 |a SK 
245 1 0 |a Analýza vplyvu zmluvných sankcií za nesplnenie záväzkov na výsledok hospodárenia v účtovníctve podnikateľských subjktov v SR  |c Sylvia Kastlerová 
520 |a Analýza zmluvných pokút v obchodných vzťahoch. Účtovanie zmluvných pokút a ich vplyv na výsledok hospodárenia a na základ dane z príjmov. 
610 2 0 |a podnikatelia 
610 2 0 |a výsledok hospodársky 
610 2 0 |a dlžníci 
610 2 0 |a záväzky 
610 2 0 |a účtovanie 
610 2 0 |a sankcie 
610 2 0 |a vzťahy obchodné záväzkové 
100 1 |a Kastlerová, Sylvia